000 00518cam a22001932 4500
001 0000000702
005 20170406112818.0
008 131118s xx 000 0 eng d
020 _c$
040 _aYour Holding Symbol
_cYour Holding Symbol
100 1 _aDanielou,Jean.
245 1 0 _aGOD :
_band the ways of knowing /
_cjean,Danielou.
250 _a ed.
260 _anew york :
_bmeridian,
_c1957.
300 _a 249p. ;
_c cm.
504 _anotes.
650 0 _atheology.
908 _a131118
999 _c626
_d626